000 00330 a2200157 4500
001 62432
020 _a9788526012356
040 _cAnchieta - Pituba
100 _aBessana, Dida
240 1 0 _aO estudante III
_lpor
245 1 0 _aO estudante III
300 _a77
362 0 _a2007
650 4 _aLiteratura juvenil
942 _cBK
999 _c62432
_d62432